| 000 | 00449nam a22001697a 4500 | ||
|---|---|---|---|
| 003 | NUST - PNEC | ||
| 005 | 20170116180921.0 | ||
| 008 | 150904b xxu||||| |||| 00| 0 eng d | ||
| 020 | _a0091269008 | ||
| 040 | _cLIBRARY | ||
| 082 | _a668.3 JAC | ||
| 100 |
_97812 _aJackson, B. S. |
||
| 245 |
_aIndustrial adhesives and sealants _cB. S. Jackson |
||
| 260 | _cc.1976 | ||
| 650 |
_97814 _aIndustrial manufacturing engineering _xIME |
||
| 942 |
_2ddc _cBK |
||
| 999 |
_c65639 _d65639 |
||